| 000 | 00541nam a22001937a 4500 | ||
|---|---|---|---|
| 003 | CEME | ||
| 005 | 20210628201630.0 | ||
| 008 | 210204b xxu||||| |||| 00| 0 eng d | ||
| 020 | _a81-203-0054-8 | ||
| 040 | _c. | ||
| 082 | _a621.3 JOR | ||
| 100 |
_aJordan, Edward C ,Balmain, Keith G _956099 |
||
| 245 | _aElectromagnetic waves and radiating systems | ||
| 250 | _a2ND | ||
| 260 |
_aNEW DELHI _bPRENTICE HALL OF INDIA _c2003 |
||
| 300 | _aXIII,754P | ||
| 650 |
_aELECTROMAGNETIC WAVES AND RADIATING SYSTEMS _956100 |
||
| 942 |
_cBK _2ddc |
||
| 999 |
_c566624 _d566624 |
||